000 00634nam a22001577a 4500
005 20251108165452.0
008 250721s9999 xx 000 0 ara d
082 1 4 _aم/028.1/ترا
245 1 0 _aتراث الإنسانية :
_bسلسلة تتناول بالتعريف و البحث و التحليل روائع الكتب التي أثرت في الحضارة الإنسانية ... /
264 1 _aالقاهره :
_bالمؤسسة المصرية العامة للتأليف و الترجمة،
_c[19-].
300 _a9مج
650 1 7 _aالقراءة
650 1 7 _aالكتب النقد
942 _2ddc
_cREF
999 _c28678
_d28678